=LDR 00000nam 2200000 4500 =001 INLIS000000000043847 =005 20131008103907 =008 ***********************************ind** =035 ##$$0010-101300000001769 =041 ##$$a ind =082 ##$$a 641.1 =090 ##$$a 641.1, Sed i =100 ##$$a Sediautama, Achmad djaeni =245 ##$$a Ilmu gizi untuk mahasiswa dan profesi di Indonesia, Achmad Djaeni Sediautama =260 ##$$a 2000 $b Jakarta =300 ##$$a 319 hlm, ilus, 21 cm =650 ##$$a Gizi =850 ##$$a NBPNMAT